Taylor Swift Trivia - Statistics

General Stats
  • This quiz has been taken 24 times
  • The average score is 15 of 40
Answer Stats
Hint Answer % Correct
What is Taylor's lucky number? 13
95%
How old was she when she first started playing guitar? 12
85%
Which album did Taylor Swift fully write by herself? Speak Now
75%
How many cats does she have? 3
70%
Which famous musician was Taylor named after? James Taylor
70%
Swift wrote what album about after facing intense public scrutiny? Reputation
70%
What age did Taylor and her family move to nashville? 14
65%
As of 2026 how many grammys has Taylor won? 14
65%
What state was Taylor born and raised in before moving to Nashville? Pennsylvania
65%
What Grammy category did Taylor make history in for becoming the first female artist to win four times? Album of the Year
60%
Which famous artist went on stage during her win at the 2009 VMAS saying "Beyonce had one of the greatest albums of all time". Kanye West
60%
What kind of singer was her grandmother? Opera
60%
What year did she begin her first headline tour? 2009
55%
What is Taylor's middle name? Alison
55%
What was the name of her Netflix documentary that premiered in 2020? Miss Americana
55%
What time of farm did Taylor grow up on? Hint; its the name of one of her songs Christmas Tree Farm
50%
In 2008 which song off the Fearless album, became Taylor’s first song to reach No. 1 on both the country music and pop charts. Love Story,
50%
How tall is Taylor? 5'10
45%
Which song did Taylor write for her high school talent show, that also was a single on her debut album? Our song
45%
In late 2009 Taylor dated another Taylor from which film series? Twilight
45%
What song was one of Taylor's bestie's Abigail mentioned in? Fifteen
40%
What is the name of Taylor's parents? Scott and Andrea
30%
Which one of Taylor's songs is about her mother getting cancer? Soon you'll get better
30%
When is her birthday? 13th December 1989
25%
What was the album Lover originally going to be called? Daylight
25%
Which University did she receive an honorary doctorate from? NYU
25%
What was the name of her first ever song she wrote at age 12? Lucky you
20%
What are their names? Meredith Grey, Olivia Benson, and Benjamin Button.
15%
And how many grammy nominations has she had? 58
10%
What weird body movement does she have? Double jointed elbows
10%
Taylor used to model for which US clothing brand? Abercrombie & Fitch.
5%
What is reportedly her favourite dessert? Cheesecake
5%
Taylor appeared in the 2010 movie Valentine's Day. What was the name of her character? Felicia
5%
What did Taylor want to be before she found her love for music? Hint: same job as her father? Stockbroker
5%
What magazine named her Person of the year in 2023? Times Magazine
5%
How many Guines World Records has taylor broken? Hint: it's over 100 118
0%
She was named Billboard's woman of the year twice. Which year's were those? 2011 and 2014
0%
Taylor can play five instruments. What are they? guitar, piano, ukulele, electric guitar, and banjo
0%
What Basketball team's game did Taylor preform at when she was 11? Philadelphia 76ers
0%
What university/ college did her brother attend? Vanderbilt
0%
No matching quizzes found
Score Distribution
Percent of People with Each Score
Percentile by Number Answered
Your Score History
You have not taken this quiz